[Event "II Int Open"]
[Site "Alajuela CRC"]
[Date "2006.07.12"]
[Round "2"]
[White "Brenes,J"]
[Black "Valdes,Le"]
[Result "0-1"]
[WhiteElo "1962"]
[BlackElo "2400"]

1.d4 Nf6 2.c4 g6 3.Nc3 Bg7 4.e4 d6 5.Nf3 O-O 6.Be2 e5 7.O-O Nc6 8.d5 Ne7
9.Ne1 Nd7 10.Be3 f5 11.f3 f4 12.Bf2 g5 13.Nd3 Ng6 14.Rc1 Nf6 15.c5 Rf7 16.cxd6 cxd6
17.a4 Bf8 18.b4 h5 19.a5 g4 20.Nb5 g3 21.hxg3 fxg3 22.Bxg3 h4 23.Bf2 Nh5
24.Nxa7 Bd7 25.Qd2 Ngf4 26.Nxf4 Nxf4 27.Be3 Rxa7 28.Bxf4 Rxf4 29.Rc3 Ra8
30.Rfc1 Bh6 31.Qd3 Rf7 32.R1c2 Bf4 33.Rc7 Qg5 34.Bf1 Be3+ 35.Kh1 Rxf3  0-1

[Event "II Int Open"]
[Site "Alajuela CRC"]
[Date "2006.07.13"]
[Round "4"]
[White "Fonseca,JL"]
[Black "Valdes,Le"]
[Result "0-1"]
[WhiteElo "2217"]
[BlackElo "2400"]

1.Nf3 Nf6 2.c4 g6 3.Nc3 Bg7 4.e4 d6 5.d4 O-O 6.Be2 e5 7.O-O Nc6 8.d5 Ne7
9.b4 a5 10.bxa5 Rxa5 11.Nd2 c5 12.Rb1 Nd7 13.Qc2 f5 14.Rb3 Nf6 15.Re1 Ra6
16.Bf1 Kh8 17.Ra3 Rxa3 18.Bxa3 Qa5 19.Bb2 Bd7 20.Bd3 fxe4 21.Ndxe4 Nxe4 22.Bxe4 Nf5
23.Qb3 Rb8 24.Rb1 Nd4 25.Qd1 Rf8 26.Ba1 b6 27.Qd3 Kg8 28.Bb2 Rf7 29.Kf1 b5
30.cxb5 Nxb5 31.Kg1 Nd4 32.Ba1 Bf5 33.Rb8+ Bf8 34.Qb1 Qa6 35.f3 Kg7 36.h3 Qa7
37.Qb6 Qe7 38.Qd8 Qxd8 39.Rxd8 Ra7 40.Rb8 Be7 41.Bb2 Bg5 42.a3 Bd2 43.Nb5 Nxb5
44.Rxb5 Be3+ 45.Kf1 Bd4 46.Bc1 c4 47.Rb4 Bd7 48.Rb1 Bc5 49.Ra1 Bb5 50.Ra2 Ba4  0-1

[Event "ch-Paris"]
[Site "Paris FRA"]
[Date "2006.07.13"]
[Round "6"]
[White "Evdokimov,Alexa"]
[Black "Calistri,T"]
[Result "1-0"]
[WhiteElo "2500"]
[BlackElo "2370"]

1.d4 Nf6 2.c4 g6 3.Nc3 Bg7 4.e4 d6 5.Nf3 O-O 6.Be2 e5 7.O-O Nc6 8.d5 Ne7
9.b4 Ne8 10.c5 f5 11.Ng5 h6 12.Ne6 Bxe6 13.dxe6 fxe4 14.cxd6 Nxd6 15.Be3 Kh7
16.Qc2 Qc8 17.Bg4 Nef5 18.e7 Re8 19.Bc5 b6 20.Bxd6 cxd6 21.Rac1 Rxe7 22.Qxe4 Qf8
23.Nd5 Rf7 24.b5 Rd8 25.a4 Ne7 26.Bh5 Nf5 27.Bxg6+ Kxg6 28.g4 Kh7 29.gxf5 Kh8
30.Kh1 Re8 31.Nc7 d5 32.Qxd5 Rc8 33.Ne6 Rxc1 34.Nxf8 Rxf1+ 35.Kg2 Rxf2+ 36.Kxf2 Rxf5+
37.Ke2 Rxf8 38.Qb7 e4 39.Qxa7  1-0

[Event "3rd ACT"]
[Site "Amsterdam NED"]
[Date "2006.07.17"]
[Round "3"]
[White "Peelen,P"]
[Black "Stellwagen,D"]
[Result "1/2-1/2"]
[WhiteElo "2352"]
[BlackElo "2575"]

1.d4 Nf6 2.c4 g6 3.Nc3 Bg7 4.e4 d6 5.Nf3 O-O 6.Be2 e5 7.O-O Nc6 8.d5 Ne7
9.b4 Nh5 10.Re1 f5 11.Ng5 Nf4 12.Bxf4 exf4 13.Rc1 Bf6 14.Ne6 Bxe6 15.dxe6 Bxc3
16.Rxc3 fxe4 17.Bf1 e3 18.fxe3 fxe3 19.Rcxe3 c6 20.Kh1 d5 21.cxd5 cxd5 22.Be2 Rf4
23.Bf3 Rxb4 24.Rd3 Qa5 25.Bxd5 Rd8 26.Bb3 Rbd4 27.Rxd4 Rxd4 28.Qc1 Qd2 29.Qa1 Rg4
30.g3 Qd4 31.Qxd4 Rxd4 32.Rc1 a5 33.Rc7 Kf8 34.Rxb7 a4 35.Bc2 Rc4 36.Bd3 Rc3
37.Rd7 Rc6 38.Rd4 Rxe6 39.Rxa4 Rd6 40.Be4 Rd2 41.Ra7 Re2 42.Bd3 Rd2 43.Bc4 Nf5
44.Bb3 h5 45.Kg1 Rb2 46.Rf7+ Ke8 47.Rf6 Nd4 48.Bd5 g5 49.Rf2 Rb1+ 50.Kg2 Ke7
51.Bf7 h4 52.gxh4 gxh4 53.Kh3 Rb8 54.Bh5 Rd8 55.Kxh4 Nb5 56.Bd1 Nc3 57.Bb3 Kd6
58.Kg4 Rd7 59.h4 Rg7+ 60.Kf5 Rg1 61.h5 Rh1 62.Kg6 Rg1+ 63.Kf5 Rh1 64.Kg4 Rg1+
65.Kh3 Rh1+ 66.Kg4 Rg1+ 67.Kf3 Rh1 68.Rd2+ Ke7 69.Rc2 Rxh5 70.Kg4  1/2-1/2

[Event "Blue Sevan"]
[Site "Sevan ARM"]
[Date "2006.07.17"]
[Round "5"]
[White "Kekelidze,M"]
[Black "Andriasian,Z"]
[Result "1/2-1/2"]
[WhiteElo "2493"]
[BlackElo "2463"]

1.d4 Nf6 2.c4 g6 3.Nc3 Bg7 4.e4 d6 5.Nf3 O-O 6.Be2 e5 7.O-O Nc6 8.d5 Ne7
9.Ne1 Ne8 10.Nd3 f5 11.f4 Nf6 12.exf5 e4 13.Nf2 gxf5 14.Be3 Bd7 15.Qd2 Kh8
16.Bd4 Qe8 17.Ncd1 Qf7 18.Ne3 Ne8 19.b4 Bxd4 20.Qxd4+ Qg7 21.Qxg7+ Kxg7 22.Rab1 Nf6
23.Rfd1 a5 24.b5 b6 25.Rb3 h6 26.Rd2 Rab8 27.Bf1 Bc8 28.Nfd1 Nd7 29.Nc3 Nc5
30.Ra3 Bd7 31.Ne2 Ng6 32.g3 Kf6 33.Nd4 Rg8 34.Kf2 Ne7 35.Be2 h5 36.Rc3 h4
37.Nb3 hxg3+ 38.hxg3 Nb7 39.Rc1 Rh8 40.Rg1 Rbg8 41.Rdd1 a4 42.Nd4 Nc5 43.Rh1 Ng6
44.Rdg1 Ra8 45.a3 Rag8 46.Rxh8 Rxh8 47.Kg2 Rg8 48.Rf1 Nb3 49.Nxb3 axb3 50.Kf2 Ra8
51.Ra1 b2 52.Rb1 Rxa3 53.Rxb2 Ra1 54.Bd1 Nh8 55.Rb4 Ra2+ 56.Bc2 Nf7 57.Ra4 Rxa4
58.Bxa4 Nh6 59.Bd1 Kg6 60.Kg2 Ng8 61.Kf2 Nf6 62.Nc2 Kf7 63.Ke3 Ke7 64.Kd4 Be8
65.Ne3 Bd7 66.Be2 Kf7 67.Kc3 Bc8 68.Kd2 Bd7 69.Ke1 Kg6 70.Kf2 Kf7 71.Kg2 Kg6
72.Kh3 Kh6 73.Nc2 Be8 74.Nd4 Bd7 75.Kh4 Kg6 76.Nc2 Kh6 77.Kh3 Be8 78.Kg2 Bh5
79.Bxh5 Kxh5 80.Ne3 Kg6 81.Nc2 Kh5 82.Ne3 Kg6 83.Kf2 Nd7 84.Nc2 Nc5 85.Ne3 Nb3
86.Ke2 Nd4+ 87.Kf2 Nb3 88.Kg2 Nc5 89.Kh3 Nd3 90.Kh2 Kf6 91.Kg1 Kg6 92.Kf1 Nc5
93.Ke2 Nd7 94.Nc2 Kh5 95.Kf2 Nf6 96.Nd4 Kg4 97.Ne6 Ne8 98.Kg2 e3 99.Nd4 Nf6
100.Nc2 e2 101.Ne3+ Kh5 102.Kf2 Ne4+ 103.Kxe2 Nxg3+ 104.Kf3 Ne4 105.Nxf5 Nd2+
106.Ke3 Nxc4+ 107.Kd3 Na5 108.Nd4 Nb7 109.Ne6 Kg4 110.Ke3 Nc5 111.Nxc7 Na4
112.Kd4 Kxf4 113.Ne8 Nc5 114.Nxd6 Nb3+ 115.Kc3 Nc5 116.Nc4 Nd7 117.Kd4 Kf5
118.Ke3 Nf6 119.Kd4 Nd7 120.Ne3+ Kf6 121.Nd1 Nc5 122.Nf2 Nb3+ 123.Kc3 Nc5
124.Nd3 Ne4+ 125.Kb4 Nd6 126.Nb2 Ke5 127.Nc4+ Kxd5 128.Nxb6+ Ke6 129.Nc8  1/2-1/2

[Event "ch-SUI"]
[Site "Lenzerheide SUI"]
[Date "2006.07.18"]
[Round "6"]
[White "Pelletier,Y"]
[Black "Jenni,F"]
[Result "1/2-1/2"]
[WhiteElo "2583"]
[BlackElo "2481"]

1.d4 Nf6 2.c4 g6 3.Nc3 Bg7 4.e4 d6 5.Nf3 O-O 6.Be2 e5 7.O-O Nc6 8.d5 Ne7
9.b4 Nh5 10.Re1 f5 11.Ng5 Nf6 12.Bf3 c6 13.Qb3 h6 14.Ne6 Bxe6 15.dxe6 Qc7
16.c5 fxe4 17.cxd6 Qxd6 18.Nxe4 Nxe4 19.Bxe4 Qd4 20.Bb2 Qxf2+ 21.Kh1 Rad8
22.Bc3 Kh7 23.b5 Rf4 24.bxc6 bxc6 25.Qb7 Rdf8 26.h3 Qh4 27.Qxa7 Rxe4 28.Rxe4 Qxe4
29.Qxe7 Rf3 30.Re1 Rxh3+ 31.Kg1 Re3 32.Qb4 Qxb4 33.Bxb4 Rxe1+ 34.Bxe1 Kg8
35.a4 e4 36.Bf2 Bc3 37.Bc5 Kg7 38.Kf2 Kf6 39.e7 Kf7 40.Ke3 h5 41.Kxe4 Ke8
42.Kd3 Ba5 43.Kd4 Kd7 44.Bd6 Be1 45.Kc5 h4 46.Kd4 g5 47.Ke4 g4 48.Ke3 h3
49.gxh3 gxh3 50.Kf3 c5 51.Bxc5 Bh4 52.a5 Bxe7 53.Bxe7 h2 54.Kg2 h1=Q+ 55.Kxh1 Kc6  1/2-1/2

[Event "3rd ACT"]
[Site "Amsterdam NED"]
[Date "2006.07.19"]
[Round "5"]
[White "Peelen,P"]
[Black "Burg,T"]
[Result "1-0"]
[WhiteElo "2352"]
[BlackElo "2268"]

1.d4 Nf6 2.c4 g6 3.Nc3 Bg7 4.e4 d6 5.Nf3 O-O 6.Be2 e5 7.O-O Nc6 8.d5 Ne7
9.Nd2 a5 10.a3 Bd7 11.b3 c6 12.Rb1 Qb8 13.b4 axb4 14.axb4 cxd5 15.cxd5 b5
16.Bb2 Qb6 17.Ra1 Rxa1 18.Qxa1 Rc8 19.Nb3 Rxc3 20.Bxc3 Nxe4 21.Qa8+ Bc8 22.Bb2 f5
23.Qa5 Nxd5 24.Bxb5 Qb7 25.Rc1 Be6 26.Bc6 Qf7 27.Qd8+ Bf8 28.Bxd5 Bxd5 29.Rc7 Qe6
30.Rc8 Qf7 31.Rc7 Qe6 32.Na5 f4 33.Qd7 Ng5 34.h4 Qxd7 35.Rxd7 Ne6 36.b5 Nc5
37.Rc7 Na4 38.Ba3 Nb6 39.Nc6 Bc4 40.Ne7+ Bxe7 41.Rxe7 Bxb5 42.Bxd6 Nc8 43.Rxe5 Nxd6
44.Rd5 Nf5 45.Rxb5 Nxh4 46.Kh2 h6 47.Kh3 g5 48.Rb7 Nf5 49.Kg4 Ng7 50.Rb6 Kh7
51.Rc6 Ne8 52.Kf5 Ng7+ 53.Kf6 Nh5+ 54.Kf7 g4 55.Rg6 g3 56.fxg3 fxg3 57.Rg4 Kh8
58.Rh4 Ng7 59.Rxh6+  1-0

[Event "3rd ACT"]
[Site "Amsterdam NED"]
[Date "2006.07.19"]
[Round "5"]
[White "Becker,Mart"]
[Black "Cornelisse,J"]
[Result "1/2-1/2"]
[WhiteElo "2335"]
[BlackElo "2216"]

1.d4 Nf6 2.c4 g6 3.Nc3 Bg7 4.Nf3 O-O 5.e4 d6 6.Be2 e5 7.O-O Nc6 8.d5 Ne7
9.Ne1 Nd7 10.Be3 f5 11.f3 f4 12.Bf2 g5 13.Rc1 Rf6 14.b4 Rh6 15.c5 Qe8 16.Kh1 Nf6
17.Nd3 Bd7 18.a4 Kh8 19.Nb5 Bxb5 20.axb5 g4 21.fxg4 Nxe4 22.Ne1 dxc5 23.bxc5 Rd8
24.Bc4 Qd7 25.Qe2 Nxf2+ 26.Rxf2 Nxd5 27.Rd1 c6 28.bxc6 bxc6 29.g5 Rg6 30.Qh5 Qe7
31.Rfd2 Rxg5 32.Qh4 Bf6 33.Bxd5 cxd5 34.Rxd5 Rxd5 35.Rxd5 e4 36.Rxg5 Bxg5
37.Qh5 Qxc5 38.Qe8+ Kg7 39.Qxe4 Qe3 40.Qb1 Bf6 41.Qd1 a5 42.Nc2 Qe6 43.Na3 Bc3
44.Nc2 Qf5 45.h3 a4 46.Na3 Bb2 47.Qxa4 f3 48.Qa7+ Kg6 49.Qb6+ Bf6 50.Qf2 fxg2+  1/2-1/2

[Event "3rd St Nikolay GM"]
[Site "Mionica SCG"]
[Date "2006.07.19"]
[Round "9"]
[White "Brkljaca,A"]
[Black "Andonov,B"]
[Result "1/2-1/2"]
[WhiteElo "2366"]
[BlackElo "2391"]

1.d4 Nf6 2.Nf3 g6 3.c4 Bg7 4.Nc3 O-O 5.e4 d6 6.Be2 e5 7.O-O Nc6 8.d5 Ne7
9.Ne1 Ne8 10.Nd3 f5 11.f3 f4 12.c5  1/2-1/2

[Event "Czech Open A"]
[Site "Pardubice CZE"]
[Date "2006.07.21"]
[Round "1"]
[White "Biriukov,O"]
[Black "Stellwagen,R"]
[Result "1-0"]
[WhiteElo "2404"]
[BlackElo "2208"]

1.d4 Nf6 2.c4 g6 3.Nc3 Bg7 4.e4 d6 5.Be2 O-O 6.Nf3 e5 7.O-O Nc6 8.d5 Ne7
9.Ne1 Nd7 10.Nd3 a5 11.Be3 f5 12.f3 f4 13.Bf2 g5 14.c5 Nf6 15.cxd6 cxd6 16.Rc1 Ng6
17.Na4 g4 18.Nb6 Rb8 19.Nxc8 Rxc8 20.Rxc8 Qxc8 21.Qa4 g3 22.Bb6 Nd7 23.Bxa5 b6
24.Be1 gxh2+ 25.Kxh2 Ne7 26.Bf2 Qe8 27.Kg1 Nc5 28.Qxe8 Rxe8 29.Rc1 Ra8 30.b4 Nxd3
31.Bxd3 Rxa2 32.Bxb6  1-0

[Event "Open"]
[Site "Kiel GER"]
[Date "2006.07.22"]
[Round "2"]
[White "Anders,S"]
[Black "Reps,D"]
[Result "1-0"]
[WhiteElo "1996"]
[BlackElo "1837"]

1.d4 Nf6 2.Nf3 g6 3.c4 Bg7 4.Nc3 d6 5.e4 O-O 6.Be2 e5 7.O-O Nc6 8.d5 Ne7
9.Be3 Ng4 10.Bg5 h6 11.Bc1 f5 12.Nd2 Nf6 13.f3 f4 14.b4 g5 15.Nb3 Ng6 16.a4 Rf7
17.Ba3 Bf8 18.c5 h5 19.h3 Rg7 20.Kf2 Nh4 21.Rg1 g4 22.Na5 Ne8 23.fxg4 hxg4
24.Bxg4 Qg5 25.Bxc8 Qg3+ 26.Kf1 Nxg2 27.Be6+ Kh8 28.Qh5+ Rh7 29.Rxg2 Qxg2+
30.Kxg2 Rxh5 31.Rg1 Rg5+ 32.Kf2 Rxg1 33.Kxg1 b6 34.Nc6 bxc5 35.bxc5 dxc5
36.Nxe5 Bg7 37.Nf7+ Kh7 38.Ne2 f3 39.Ng5+ Kh6 40.Nxf3 Nd6 41.Ng3 c4 42.e5 Ne8
43.Bf5 Bh8 44.Bc1+ Kg7 45.Nh5+ Kf8 46.Be6 Ng7 47.Ba3+ Ke8 48.Nf6+ Kd8 49.Bg4 Ne8
50.Ng8 Ng7 51.Be7+ Ke8 52.d6 cxd6 53.exd6 Kf7 54.Nf6 c3 55.Ng5+  1-0

[Event "Czech Open A"]
[Site "Pardubice CZE"]
[Date "2006.07.23"]
[Round "3"]
[White "Jedynak,R"]
[Black "Klima,L"]
[Result "1-0"]
[WhiteElo "2519"]
[BlackElo "2443"]

1.d4 Nf6 2.c4 g6 3.Nc3 Bg7 4.Nf3 d6 5.e4 O-O 6.Be2 e5 7.O-O Nc6 8.d5 Ne7
9.b4 a5 10.Ba3 axb4 11.Bxb4 b6 12.a4 Re8 13.Qd3 Bh6 14.Rfd1 Nd7 15.a5 bxa5
16.Bxa5 Ba6 17.Ra3 f5 18.Rda1 Nc5 19.Qc2 Bc8 20.Bd3 Rf8 21.Nb5 fxe4 22.Bxe4 Rf4
23.Bxc7 Rxa3 24.Rxa3 Qf8 25.Nxd6 Nxe4 26.Nxe4 Bf5 27.Re3 Nxd5 28.cxd5 Qb4
29.d6 Rxe4 30.Rxe4 Bxe4 31.Qd1  1-0

[Event "Czech Open A"]
[Site "Pardubice CZE"]
[Date "2006.07.23"]
[Round "3"]
[White "Krzesaj,R"]
[Black "Kostiukova,L"]
[Result "1-0"]
[WhiteElo "2275"]
[BlackElo "2409"]

1.d4 Nf6 2.Nf3 g6 3.c4 Bg7 4.Nc3 d6 5.e4 O-O 6.Be2 e5 7.O-O Nc6 8.d5 Ne7
9.Nd2 Nd7 10.b4 f5 11.c5 Nf6 12.f3 f4 13.Nc4 g5 14.a4 h5 15.Ba3 Ne8 16.b5 Rf6
17.b6 cxb6 18.cxd6 Ng6 19.Nb5 Bd7 20.Qb3 Kh7 21.Rfc1 Bxb5 22.axb5 Rf7 23.Ra2 Rd7
24.Bb4 Bf8 25.Qb2 Bg7 26.Qa1 a5 27.bxa6 bxa6 28.Rxa6 Rb8 29.Ra7 b5 30.Rxd7 Qxd7
31.Na5 Nxd6 32.Rc6 Ne8 33.Nb3 Ne7 34.Nc5 Qd8 35.Ne6 Qd7 36.Ra6 g4 37.Nxg7 Nxg7
38.Qxe5 Qc8 39.Bc3 Qc5+ 40.Kf1 Rg8 41.Qg5  1-0

[Event "XI Open"]
[Site "Balaguer ESP"]
[Date "2006.07.24"]
[Round "8"]
[White "Pogorelov,R"]
[Black "Trigo Conde,I"]
[Result "1-0"]
[WhiteElo "2395"]
[BlackElo "2280"]

1.Nf3 Nf6 2.c4 g6 3.Nc3 Bg7 4.e4 d6 5.d4 O-O 6.Be2 e5 7.O-O Nc6 8.d5 Ne7
9.Ne1 Nd7 10.Be3 f5 11.f3 f4 12.Bf2 g5 13.g4 h5 14.h3 Rf7 15.Nd3 Nf6 16.c5 Ng6
17.Rc1 Bf8 18.b4 Be7 19.Kg2 Qf8 20.a4 a6 21.a5 Bd7 22.Nb2 dxc5 23.d6 Bxd6
24.bxc5 Bxc5 25.Bc4 Bxf2 26.Rxf2 Kg7 27.Bxf7 Qxf7 28.Nd5 Bc6 29.Nxf6 Kxf6
30.Rfc2 Ne7 31.Qd2 Rh8 32.Rh1 Qh7 33.Rcc1 Bxe4 34.Rxc7 Bxf3+ 35.Kxf3 hxg4+
36.Kf2 g3+ 37.Kg1 Qb1+ 38.Nd1 Qb3 39.Nc3 Nf5 40.Qd3 Nd4 41.Ne4+ Kg6 42.Qxb3 Nxb3
43.Kg2 g4 44.Rxb7 Nd4 45.Rb6+ Kg7 46.Nxg3 fxg3 47.hxg4 Rxh1 48.Kxh1 e4 49.Kg2 e3
50.Kxg3 Nc2 51.Kf3  1-0

[Event "10th Battle of Senta 1697 Open"]
[Site "Senta SCG"]
[Date "2006.07.25"]
[Round "6"]
[White "Mirkovic,St"]
[Black "Petrusic,G"]
[Result "1-0"]
[WhiteElo "2214"]
[BlackElo "2020"]

1.Nf3 Nf6 2.c4 d6 3.d4 g6 4.Nc3 Bg7 5.e4 O-O 6.Be2 Nc6 7.O-O e5 8.d5 Ne7
9.b4 a5 10.Ba3 axb4 11.Bxb4 b6 12.a4 Bd7 13.a5 bxa5 14.Bxa5 Qc8 15.Nd2 Ne8
16.Nb3 f5 17.f3 Bh6 18.Qd3 fxe4 19.fxe4 Bg4 20.Rxf8+ Kxf8 21.Bxg4 Qxg4 22.Rf1+ Kg7
23.Nb5 Rc8 24.c5 Ng8 25.cxd6 cxd6 26.Na7 Rb8 27.Nc6 Rc8 28.Nd8 Ngf6 29.Ne6+ Kg8
30.Bd2 Bg7 31.Re1 Ra8 32.Bg5 Ra2 33.Nd2 h6 34.Be3 g5 35.Qb3 Ra8 36.Qb7 Ra2
37.Qe7 Qh4 38.Rf1 Rxd2 39.Bxd2 Ng4 40.Rf8+ Kh7 41.Qxe8 Qxh2+ 42.Kf1 Qh1+
43.Ke2 Qxg2+ 44.Kd3 Nf2+ 45.Rxf2 Qxf2 46.Qh5 Qf1+ 47.Qe2 Qb1+ 48.Ke3 Qb3+
49.Kf2 Qh3 50.Qf3 Qh2+ 51.Ke1 Qg1+ 52.Ke2 g4 53.Qf2 Qb1 54.Qf5+ Kh8 55.Qxg4 Bf6
56.Qf3 Bg7 57.Nxg7 Kxg7 58.Qg4+ Kh7 59.Qd7+ Kg8 60.Qe8+ Kg7 61.Qe7+ Kg8 62.Qe6+ Kg7
63.Qxh6+ Kf7 64.Qe6+ Kg7 65.Bh6+ Kh7 66.Qe7+ Kxh6 67.Qxd6+ Kh7 68.Qxe5 Qc2+
69.Kf3 Qd1+ 70.Kf4 Qf1+ 71.Kg5 Qg2+ 72.Kf6 Qg7+ 73.Ke6 Qg8+ 74.Ke7 Qc8 75.Qf5+  1-0

[Event "Czech Open B1"]
[Site "Pardubice CZE"]
[Date "2006.07.26"]
[Round "6"]
[White "Brokken,D"]
[Black "Kuznetsov,Vi2"]
[Result "0-1"]
[WhiteElo "2173"]
[BlackElo "2404"]

1.d4 Nf6 2.c4 g6 3.Nc3 Bg7 4.e4 d6 5.Nf3 O-O 6.Be2 e5 7.O-O Nc6 8.d5 Ne7
9.b4 Nh5 10.Re1 f5 11.Ng5 Nf6 12.Bf3 c6 13.Be3 cxd5 14.cxd5 h6 15.Ne6 Bxe6
16.dxe6 fxe4 17.Nxe4 Nxe4 18.Bxe4 d5 19.Bc2 e4 20.Rc1 b6 21.Qg4 Qd6 22.Red1 Qxb4
23.Bb3 Rac8 24.h3 Rxc1 25.Rxc1 Qd6 26.Rd1 Qe5 27.Bd4 Qf5 28.Qxf5 gxf5 29.Bxg7 Kxg7
30.Bxd5 Rd8 31.Bb3 Rxd1+ 32.Bxd1 Kf6 33.Bb3 b5 34.Kf1 a5 35.Ke2 a4 36.Bc2 Kxe6
37.Ke3 Ke5 38.f4+ exf3 39.Kxf3 Nd5 40.g4 fxg4+ 41.hxg4 Kd4 42.Ke2 Kc3 43.Bf5 b4
44.Kd1 b3 45.Bb1 Kb2 46.axb3 a3  0-1

[Event "MTO Open"]
[Site "Biel SUI"]
[Date "2006.07.27"]
[Round "4"]
[White "Kobalia,M"]
[Black "Haimovich,T"]
[Result "1-0"]
[WhiteElo "2647"]
[BlackElo "2435"]

1.Nf3 Nf6 2.c4 g6 3.Nc3 Bg7 4.e4 d6 5.d4 O-O 6.Be2 e5 7.O-O Nc6 8.d5 Ne7
9.b4 a5 10.bxa5 Rxa5 11.a4 Nh5 12.Re1 f5 13.Ra3 Kh8 14.exf5 Bxf5 15.Ng5 Nf4
16.Bxf4 exf4 17.Ne6 Bxe6 18.dxe6 Re5 19.Bf3 Qc8 20.Bg4 h5 21.Bh3 b6 22.Nd5 Qd8
23.g3 Nxd5 24.cxd5 Rxe1+ 25.Qxe1 Be5 26.Rf3 fxg3 27.Rxf8+ Qxf8 28.hxg3 Kg7
29.Qe4 Bf6 30.Bf1 Be7 31.Bd3 Qf6 32.f4 Qa1+ 33.Kf2 Qb2+ 34.Bc2 Qf6 35.Ke2 Kh6
36.Kd3 Qg7 37.Kc4 g5 38.fxg5+ Bxg5 39.Kb5 Qb2+ 40.Kc6 Qg7 41.Qh7+ Qxh7 42.Bxh7  1-0

[Event "Czech Open A"]
[Site "Pardubice CZE"]
[Date "2006.07.27"]
[Round "7"]
[White "Krzesaj,R"]
[Black "Salama,O"]
[Result "1-0"]
[WhiteElo "2275"]
[BlackElo "2174"]

1.d4 Nf6 2.c4 g6 3.Nf3 Bg7 4.Nc3 O-O 5.e4 d6 6.Be2 e5 7.O-O Nc6 8.d5 Ne7
9.Nd2 a5 10.a3 Nd7 11.Rb1 f5 12.b4 Kh8 13.Qc2 Ng8 14.Nb5 b6 15.exf5 gxf5
16.f4 Ne7 17.fxe5 Nxe5 18.Nf3 Nxf3+ 19.Bxf3 axb4 20.axb4 Ng6 21.Bb2 Ne5 22.Nd4 Ra2
23.Qb3 Rxb2 24.Rxb2 Qh4 25.Rd2 Qf4 26.Qc3 Nxc4 27.Rd3 Ne3 28.Qd2 Qe5 29.Rc1 Bh6
30.Re1 f4 31.Nc2 Bf5 32.Nxe3 fxe3 33.Rdxe3 Bxe3+ 34.Qxe3 Qxe3+ 35.Rxe3 Kg7
36.Kf2 Kf6 37.g4 Bd7 38.Kg3 Ra8 39.Rc3 Ra7 40.Kf4 h6 41.h4 Ra4 42.g5+ hxg5+
43.hxg5+ Kf7 44.Rxc7 Rxb4+ 45.Be4 Ke7 46.g6 Ra4 47.g7 Ra8 48.Bf5 Kf6 49.Rxd7  1-0

[Event "Czech Open A"]
[Site "Pardubice CZE"]
[Date "2006.07.28"]
[Round "8"]
[White "Almond,R"]
[Black "Havlik,Ja"]
[Result "0-1"]
[WhiteElo "2121"]
[BlackElo "2289"]

1.d4 Nf6 2.c4 g6 3.Nc3 Bg7 4.e4 d6 5.Nf3 O-O 6.Be2 e5 7.O-O Nc6 8.d5 Ne7
9.Ne1 Ne8 10.f3 f5 11.Be3 f4 12.Bf2 h5 13.c5 g5 14.Rc1 Rf6 15.Qc2 g4 16.cxd6 cxd6
17.Nb5 Bd7 18.Qb3 g3 19.hxg3 fxg3 20.Bxg3 Ng6 21.Nc3 Bh6 22.Rc2 h4 23.Bf2 Rf7
24.Nd3 Ng7 25.Qb4 Qg5 26.Qxd6 Bh3 27.g4 hxg3 28.Bxa7 Bxf1 29.Kxf1 Raf8 30.Ne1 Nh4
31.Bd1 Nh5 32.Qc5 Nf4 33.Ne2 Nd3 34.Qc4 Rxf3+ 35.Kg1 Qe3+ 36.Bxe3 Bxe3+ 37.Kh1 Rf1+  0-1

[Event "Czech Open A"]
[Site "Pardubice CZE"]
[Date "2006.07.28"]
[Round "8"]
[White "Jedlicka,A"]
[Black "Balhar,J"]
[Result "1-0"]
[WhiteElo "2209"]
[BlackElo "2311"]

1.d4 Nf6 2.c4 g6 3.Nc3 Bg7 4.e4 d6 5.Be2 O-O 6.Nf3 e5 7.O-O Nc6 8.Be3 Ng4
9.Bg5 f6 10.Bh4 g5 11.Bg3 Nh6 12.dxe5 fxe5 13.h3 g4 14.hxg4 Bxg4 15.Bh4 Bf6
16.Bxf6 Qxf6 17.Nh2 Be6 18.Rc1 Kh8 19.Nd5 Qg7 20.Rc3 Nd4 21.Rg3 Qd7 22.Nf3 c5
23.Nxd4 cxd4 24.f4 Bxd5 25.cxd5 Rg8 26.Rxg8+ Rxg8 27.Bh5 Qh3 28.Qf3 Qxf3
29.Rxf3 Kg7 30.fxe5 dxe5 31.Ra3 a6 32.Rb3 b5 33.Ra3 Kf6 34.Rxa6+ Kg5 35.Bf3 Ng4
36.Kf1 Kf4 37.Ke2 Rc8 38.Rc6 Ra8 39.a3 b4 40.axb4 Ra2 41.Bxg4 Rxb2+ 42.Kd3 Rxg2
43.d6  1-0

[Event "Czech Open A"]
[Site "Pardubice CZE"]
[Date "2006.07.29"]
[Round "9"]
[White "Sumets,A"]
[Black "Aliavdin,N"]
[Result "1-0"]
[WhiteElo "2462"]
[BlackElo "2368"]

1.d4 Nf6 2.c4 g6 3.Nc3 Bg7 4.e4 d6 5.Nf3 O-O 6.Be2 e5 7.O-O Nc6 8.d5 Ne7
9.Ne1 Nd7 10.Be3 f5 11.f3 f4 12.Bf2 g5 13.Rc1 a6 14.Nd3 b6 15.b4 Rf6 16.c5 Rh6
17.Kh1 Qe8 18.cxd6 cxd6 19.Nb1 Qh5 20.Bg1 Nf6 21.Nd2 b5 22.Nf2 Qh4 23.Ng4 Bxg4
24.fxg4 a5 25.Rc3 axb4 26.Rh3 Rxa2 27.Rxh4 Rxh4 28.Bf2 Rh6 29.Be1 Ra3 30.Bf3 Nd7
31.Nb3 Nc5 32.Nxc5 dxc5 33.d6  1-0

[Event "15th Open A"]
[Site "Vienna AUT"]
[Date "2006.07.29"]
[Round "1"]
[White "Petschar,H"]
[Black "Knoll,H"]
[Result "0-1"]
[WhiteElo "2095"]
[BlackElo "2373"]

1.c4 Nf6 2.Nc3 g6 3.e4 d6 4.d4 Bg7 5.Nf3 O-O 6.Be2 e5 7.O-O Nc6 8.d5 Ne7
9.Bd2 Nd7 10.b4 f5 11.Ng5 Nf6 12.f3 Kh8 13.Qb3 Nh5 14.g3 Bf6 15.c5 f4 16.g4 Bxg5
17.gxh5 Bh3 18.Rfc1 Bh4 19.Bf1 Bd7 20.h6 g5 21.Nb5 g4 22.Kh1 Rf6 23.Qc3 Bf2
24.Kg2 Be3 25.cxd6 gxf3+ 26.Kh1 cxd6 27.Bxe3 fxe3 28.Nxd6 Ng6 29.Nxb7 Qc8
30.Qxe3 Qxb7 31.Qg5 Raf8  0-1

[Event "15th Open A"]
[Site "Vienna AUT"]
[Date "2006.08.02"]
[Round "5"]
[White "Petschar,H"]
[Black "Kottisch,G"]
[Result "1-0"]
[WhiteElo "2095"]
[BlackElo "1991"]

1.c4 Nf6 2.Nc3 g6 3.e4 d6 4.d4 Bg7 5.Nf3 O-O 6.Be2 e5 7.O-O Nc6 8.d5 Ne7
9.Bd2 Nd7 10.b4 f5 11.Ng5 Nf6 12.Bf3 Kh8 13.b5 h6 14.Ne6 Bxe6 15.dxe6 c6
16.exf5 gxf5 17.Qc1 e4 18.Be2 Neg8 19.Rd1 Qe7 20.Bf4 Rad8 21.Qa3 Ne8 22.Rac1 Qxe6
23.Qxa7 Rd7 24.Qa4 Ne7 25.bxc6 bxc6 26.g3 Nf6 27.Qa3 Rfd8 28.Be3 Ng6 29.Qa4 Ne5
30.Bf4 d5 31.cxd5 Nxd5 32.Nxd5 Rxd5 33.Bxe5 Bxe5 34.Rxd5 cxd5 35.Rc6 Rd6
36.Qa8+ Kh7 37.Rc8 f4 38.Re8 Qg6 39.Rxe5  1-0

[Event "15th Open A"]
[Site "Vienna AUT"]
[Date "2006.08.02"]
[Round "5"]
[White "Khmelevskyi,S"]
[Black "Beckhuis,G"]
[Result "1/2-1/2"]
[WhiteElo "2277"]
[BlackElo "2327"]

1.c4 g6 2.d4 Nf6 3.Nc3 Bg7 4.e4 O-O 5.Nf3 d6 6.Be2 e5 7.O-O Nc6 8.d5 Ne7
9.Ne1 Nd7 10.Nd3 f5 11.f3 Kh8 12.a4 a5 13.Be3 b6 14.b4 axb4 15.Nxb4 Nf6 16.Nd3 Neg8
17.Nf2 Nh5 18.Re1 Bh6 19.Bxh6 Nxh6 20.Bf1 f4 21.Nb5 g5 22.Be2 Nf6 23.h3 Ra5
24.Nd3 Nhg8 25.Kf2 Rf7 26.Qd2 Bd7 27.Nc1 h5 28.Nb3 Ra8 29.a5 Bxb5 30.cxb5 g4
31.hxg4 hxg4 32.Rh1+ Rh7 33.Rxh7+ Nxh7 34.Bf1 Qh4+ 35.Ke2 gxf3+ 36.gxf3 Qh2+
37.Kd3 Qxd2+ 38.Kxd2 bxa5 39.Rxa5 Rxa5 40.Nxa5 Ng5 41.Be2 Ne7 42.Nc6 Ng6
43.Ke1 Nh4 44.Kf2 Nh3+ 45.Kf1 Ng5 46.Nxe5 Kg7 47.Nc4 Nf7 48.e5 dxe5 49.d6 cxd6
50.b6 Nd8 51.Nxd6 Kf6 52.Kf2 Nf5 53.Nxf5 Kxf5 54.Bd3+ Ke6 55.Be4 Kd6 56.Ke2 Ne6
57.b7 Kc7 58.Kd2 Nc5 59.Bd5 Nxb7 60.Kd3 Nc5+ 61.Kc4 Kd6 62.Ba8 Ne6 63.Bb7 Ng5
64.Ba8 Ke6 65.Bb7 Kd6 66.Ba8 Ne6 67.Bb7 Nd4 68.Ba8 Ke6 69.Bb7 Nc2 70.Ba8 Ne3+
71.Kc5 Nf1 72.Bb7 Nd2 73.Bd5+ Kf5 74.Kd6 Nxf3 75.Bxf3 e4 76.Bd1 f3 77.Kd5 Kf4
78.Kd4 e3 79.Kd3 e2 80.Bxe2 fxe2 81.Kxe2  1/2-1/2

[Event "ITT"]
[Site "Villa Martelli ARG"]
[Date "2006.08.03"]
[Round "11"]
[White "Gattas,A"]
[Black "Della Morte,P"]
[Result "1-0"]
[WhiteElo "2197"]
[BlackElo "2284"]

1.d4 Nf6 2.Nf3 g6 3.c4 Bg7 4.Nc3 O-O 5.e4 d6 6.Be2 e5 7.O-O Nc6 8.d5 Ne7
9.Nd2 a5 10.Rb1 Bd7 11.a3 a4 12.b4 axb3 13.Nxb3 b6 14.f4 exf4 15.Rxf4 Nh5
16.Bxh5 Bxc3 17.Be2 f5 18.Nd4 fxe4 19.Rxe4 Nf5 20.Nf3 Bf6 21.Qe1 Re8 22.Bd3 Rxe4
23.Qxe4 Qe8 24.Qxe8+ Rxe8 25.Kf2 Ra8 26.Ke2 Kg7 27.Be4 h6 28.Kd3 g5 29.Rb3 g4
30.Ne1 Nd4 31.Rb1 Re8 32.Bb2 Ra8 33.Nc2 Nxc2 34.Kxc2 Bxb2 35.Kxb2 Kf6 36.Rf1+ Ke5
37.Bc2 Kd4 38.Rf7 Rd8 39.Bb3 c6 40.dxc6 Bxc6 41.Rf4+ Ke5 42.Rxg4 Rf8 43.Rg6 h5
44.Kc3 Be8 45.Rg5+ Kf6 46.h4 Rh8 47.Kb4 Bd7 48.Bd1 Be8 49.Bf3 Rh7 50.Rd5 Ke6
51.Rd3 Bg6 52.Rb3 Kd7 53.Kc3 Kc7 54.Rb5 Be8 55.Rg5 Bf7 56.Be4 Rh6 57.Rg7 Rf6
58.Bd5 Kd8 59.Rxf7 Rg6 60.Rh7 Rg3+ 61.Kb4 b5 62.cxb5 Rg4+ 63.Ka5  1-0

[Event "15th Open A"]
[Site "Vienna AUT"]
[Date "2006.08.06"]
[Round "9"]
[White "Knoll,H"]
[Black "Gofshtein,Z"]
[Result "1-0"]
[WhiteElo "2373"]
[BlackElo "2521"]

1.Nf3 d6 2.d4 Nf6 3.c4 g6 4.Nc3 Bg7 5.e4 O-O 6.Be2 e5 7.O-O Nc6 8.d5 Ne7
9.b4 c6 10.Qb3 a5 11.bxa5 Qxa5 12.Bd2 Nd7 13.Ne1 Nc5 14.Qc2 cxd5 15.cxd5 Bd7
16.Nd3 Rfc8 17.Nxc5 Rxc5 18.Rfc1 Nc8 19.Be3 Rc7 20.Qb2 Bf6 21.a4 Bd8 22.Bd3 f5
23.f3 f4 24.Bf2 g5 25.Be2 h5 26.Kh1 Be8 27.Bb5 Bg6 28.Be2 Be8 29.Bb5 Bg6
30.Be2 Be8 31.Bb5 Bd7 32.Be2 Kh7 33.Bg1 Bf6 34.Bf2 g4 35.Nb5 Rxc1+ 36.Qxc1 Bxb5
37.Bxb5 Qd8 38.Be2 g3 39.hxg3 Bg5 40.Qb2 fxg3 41.Bxg3 Ne7 42.Bf2 Ng6 43.Qxb7+ Kh6
44.Qb6 Qf6 45.a5 Nf4 46.Bf1 Rg8 47.a6 Bh4 48.a7 Bg3 49.Bxg3 Rxg3 50.Qxd6 Qxd6
51.a8=Q Rg6 52.Qh8+ Kg5 53.g3 Qe7 54.gxf4+ Kh4 55.Ra2  1-0

[Event "Acropolis Open"]
[Site "Athens GRE"]
[Date "2006.08.13"]
[Round "1"]
[White "Pountzas,H"]
[Black "Al Sayed,Mohamad"]
[Result "0-1"]
[WhiteElo "2262"]
[BlackElo "2492"]

1.c4 Nf6 2.Nc3 g6 3.e4 d6 4.d4 Bg7 5.Nf3 O-O 6.Be2 e5 7.O-O Nc6 8.d5 Ne7
9.Ne1 Nd7 10.Be3 f5 11.f3 f4 12.Bf2 g5 13.Rc1 Rf6 14.Nd3 Rh6 15.c5 a6 16.c6 bxc6
17.dxc6 Nf8 18.Nb4 Qe8 19.g4 fxg3 20.Bxg3 Ne6 21.Bc4 Ng6 22.Ncd5 Kh8 23.Nc2 Qd8
24.b4 Ngf4 25.Nde3 Nd4 26.Ng4 Bxg4 27.fxg4 Nxc6 28.Bd5 Qe8 29.Ne3 Nd4 30.Bxf4 exf4
31.Rxc7 fxe3 32.Rff7 e2 33.Qc1 Rd8 34.Rf2 Qe5 35.Qe3 Nf3+  0-1